Faculty of Law Library — Cairo University

Official Online Catalog

إصلاح الحكم المحلي : (Record no. 57953)

MARC details
000 -LEADER
fixed length control field 01316nam a2200325 i 4500
003 - CONTROL NUMBER IDENTIFIER
control field EG-GICUC
005 - DATE AND TIME OF LATEST TRANSACTION
control field 20260204073002.0
008 - FIXED-LENGTH DATA ELEMENTS--GENERAL INFORMATION
fixed length control field 260119s1977 ua ||||fr|||| 00| 0 ara d
040 ## - CATALOGING SOURCE
Original cataloging agency EG-GICUC
Language of cataloging ara
Transcribing agency EG-GICUC
Modifying agency EG-GICUC
Description conventions rda
041 1# - LANGUAGE CODE
Language code of text/sound track or separate title ara
082 04 - DEWEY DECIMAL CLASSIFICATION NUMBER
Edition number 21
Classification number 345.25
Item number إ ص
092 04 - LOCALLY ASSIGNED DEWEY CALL NUMBER (OCLC)
Edition number 21
099 ## - LOCAL FREE-TEXT CALL NUMBER (OCLC)
Classification number Law1 07 345.25 إ ص 1977
100 0# - MAIN ENTRY--PERSONAL NAME
Personal name صبحي محرم.
Relator term مترجم.
245 10 - TITLE STATEMENT
Title إصلاح الحكم المحلي :
Remainder of title تحليل لخبرات مجموعة مختارة من الدول /
Statement of responsibility, etc. ترجمة و إعداد صبحي محرم.
264 #1 - PRODUCTION, PUBLICATION, DISTRIBUTION, MANUFACTURE, AND COPYRIGHT NOTICE
Place of production, publication, distribution, manufacture القاهرة:
Name of producer, publisher, distributor, manufacturer المنظمة العريبة للعلوم الإدارية ،
Date of production, publication, distribution, manufacture, or copyright notice 1977.
300 ## - PHYSICAL DESCRIPTION
Extent 175؛صفحة
Dimensions 24 سم
336 ## - CONTENT TYPE
Source rda content
Content type term text
337 ## - MEDIA TYPE
Source rda media
Media type term Computer
338 ## - CARRIER TYPE
Source rda carrier
Carrier type term Online Resource
490 ## - SERIES STATEMENT
Series statement سلسلة الفكر الإداري المعاصر
Volume/sequential designation 19
504 ## - BIBLIOGRAPHY, ETC. NOTE
Bibliography, etc. note يشتمل على إرجاعات ببليوجرافية.<br/><br/>
546 ## - LANGUAGE NOTE
Language note النص أغلبه باللغة العربية بعض النصوص الإنجليزية والفرنسية
650 1# - SUBJECT ADDED ENTRY--TOPICAL TERM
Topical term or geographic name entry element القانون الإداري
Source of heading or term qrmak
650 1# - SUBJECT ADDED ENTRY--TOPICAL TERM
Topical term or geographic name entry element الحكم المحلي
651 1# - SUBJECT ADDED ENTRY--GEOGRAPHIC NAME
Source of heading or term qrmak
856 40 - ELECTRONIC LOCATION AND ACCESS
Uniform Resource Identifier <a href="https://fll.law.cu.edu.eg/fulltext/bks/B07-00052.pdf">https://fll.law.cu.edu.eg/fulltext/bks/B07-00052.pdf</a>
905 ## - Cataloger and Reviser Names
Cataloger Name: Habiba Yahya
942 ## - ADDED ENTRY ELEMENTS (KOHA)
Source of classification or shelving scheme Dewey Decimal Classification
Suppress in OPAC No
Koha item type Books
Edition 21
Holdings
Withdrawn status Lost status Source of classification or shelving scheme Damaged status Not for loan Collection Home library Current library Date acquired Total checkouts Full call number Barcode Date last seen Copy number Price effective from Koha item type Materials specified (bound volume or other part)
    Dewey Decimal Classification   Not for loan القانون الإداري جــــامعة القــاهرة مكتبة كلية الحقوق - المبنى الرئيسي 19.01.2026   Law1 07 345.25 إ ص 1977 0700052 C1 B07-00052 19.01.2026 1 19.01.2026 Books  
    Dewey Decimal Classification     القانون الإداري جــــامعة القــاهرة مكتبة كلية الحقوق - المبنى الرئيسي 20.01.2026   Law1 07 345.25 ص ب . إ 1977 0700102 V19, C2 B07-00102 20.01.2026 2 20.01.2026 Books V19
    Dewey Decimal Classification     القانون الإداري جــــامعة القــاهرة مكتبة كلية الحقوق - فـرع الشيخ زايد 27.04.2026   Law2 07 345.25 ص ب . إ 1977 0700219 V19, C3 B07-00219 27.04.2026 3 27.04.2026 Books V19

© All rights reserved — Faculty of Law, Cairo University